| 000 | 01014nam0a2200313 4500 | ||
|---|---|---|---|
| 001 | RU\NLR\bibl\841159 | ||
| 005 | 20250614144951.0 | ||
| 010 |
_a5-17-028516-7 _bАСТ |
||
| 010 |
_a5-9660-1148-6 _92000 _bЛЮКС |
||
| 021 |
_aRU _b2005-19574 _9996 |
||
| 035 | _a(NLR Aleph) 000829983 | ||
| 090 |
_a1354623 _c1354623 |
||
| 100 | _a20050915d2005 |||y0rusy50 ca | ||
| 101 | 1 |
_arus _cpol |
|
| 102 | _aRU | ||
| 105 | _ay ||||||||| | ||
| 200 | 1 |
_aХанеман _eроман _fСтефан Хвин _g[пер. с пол. К.Я. Старосельской] |
|
| 210 |
_aМосква _cАСТ _cЛЮКС _d2005 |
||
| 215 |
_a285 с. _d17 |
||
| 225 | 1 | _aBestseller | |
| 300 | _aНа 4-й с. обл. авт.: С. Хвин - лауреат премии "Ника" | ||
| 686 | _aШ6(4П)77-440.4{Лх1129-50} | ||
| 700 | 1 |
_aХвин _bС. _f1949- _gСтефан _4070 |
|
| 801 | 0 |
_aRU _bNLR _c20050915 _grcr |
|
| 801 | 1 |
_aRU _bNLR _c20050915 |
|
| 830 | _aавт. по кн. | ||
| 942 | _cBOOK | ||
| 980 | _aNB | ||